| 000 | 01353cam a2200241 4500 | ||
|---|---|---|---|
| 001 | ABS67100 | ||
| 008 | 030930n2003 000 0 eng u | ||
| 035 | _a(Sirsi) u123751 | ||
| 100 | _aMiller, M. | ||
| 245 | _aBack to the future - the Garden City centenary | ||
| 260 | _c2003 | ||
| 490 |
_aTown & Country Planning _v72(7) August 2003, 200-203(4) |
||
| 520 | _aProvides a centenary history of Letchworth Garden City, which remains today a paradigm of community planning. Describes Letchworth's development from Ebenezer Howard's vision and the master layout plan prepared by Barry Parker and Raymond Unwin, to the 13.6 mile Garden City Greenway opened in May 2003. Notes some of the keys to Letchworth's enduring success such as the benefit of retaining the land value increment in trust for the community and the concept of a city as being a self-sufficient and social entity. Concludes that Letchworth still has much to offer to those who will be developing the new settlements as envisaged by the Community Plan. References | ||
| 590 | _aABS | ||
| 650 | _aCOMMUNITY DEVELOPMENT | ||
| 650 | _aCOMMUNITY PLANNING | ||
| 650 | _aTOWN AND COUNTRY PLANNING | ||
| 650 | _aLETCHWORTH GARDEN CITY | ||
| 650 | _aTOWN PLANNING | ||
| 650 | _aGARDEN CITIES | ||
| 690 | _aENVIRONMENTAL AND LAND CONSULTANCY-PLANNING AND DEVELOPMENT | ||
| 942 | _n0 | ||
| 999 |
_c73481 _d73481 |
||